Die den Adler tragen eine kurze Geschichte der deutschen Fußball-Nationalmannschaft von den Anfängen bis zur Gegenwart /

Elmentve itt :
Bibliográfiai részletek
Szerző: Vidákovics István
Dokumentumtípus: Cikk
Megjelent: 2003
Sorozat:GeMa : Germanistisches Magazin : Studentenzeitung des Instituts für Germanistik an der Universität Szeged 3 No. 1
Kulcsszavak:Társadalomtudomány, Művelődés
Online Access:http://univ.bibl.u-szeged.hu/1379
LEADER 00794nab a2200181 i 4500
001 univ1379
005 20171214090058.0
008 170606s2003 hu o 0|| ger d
040 |a SZTE UnivHistória Repozitórium  |b hun 
041 |a ger 
100 1 |a Vidákovics István 
245 1 4 |a Die den Adler tragen   |h [elektronikus dokumentum] :  |b eine kurze Geschichte der deutschen Fußball-Nationalmannschaft von den Anfängen bis zur Gegenwart /  |c  Vidákovics István 
260 |c 2003 
300 |a 36 
490 0 |a GeMa : Germanistisches Magazin : Studentenzeitung des Instituts für Germanistik an der Universität Szeged  |v 3 No. 1 
561 |a Egyetemi, hallgatói élet 
695 |a Társadalomtudomány, Művelődés 
856 4 0 |u http://univ.bibl.u-szeged.hu/1379/1/gema_2003_001_036.pdf  |z Dokumentum-elérés